00687nam a2200241 a 4500001001300000003000900013005001700022008004100039020001000080082001600090100002200106245002100128260003700149300000900186500003500195505002400230650002200254700002200276902000800298942000700306952011700313999001500430nice12345678IN_TiNIC20260116012551.0050524s1885 kana grp 000 0 urd  ac10000a891.41bMOM aMomin Khan, Momin aKulliyat-E-Momin aKanpurbNool Kishore Pressc1885 a291p aincludes index and biblioraphy2 aBibliography, Index aUrdu-Poetry-momin1 aMomin Khan, Momin bSRS cBK 001040708StackRoom-aHMIbHMId2007-06-20g100.00l0o891.41 MOMp010742r2007-06-20v100.00w2005-05-24yBK c7484d7484